header

The transcendentalist years, 1836-38 (Record no. 24610)

MARC details
000 -LEADER
fixed length control field 01248nam a2200313Ia 4500
082 04 - DEWEY DECIMAL CLASSIFICATION NUMBER
Classification number 191
100 1# - MAIN ENTRY--AUTHOR NAME
Personal name Brownson, Orestes Augustus,
245 14 - TITLE STATEMENT
Title The transcendentalist years, 1836-38
260 ## - PUBLICATION, DISTRIBUTION, ETC. (IMPRINT)
Place of publication Milwaukee, WI :
Name of publisher Marquette University Press,
Year of publication 2002.
300 ## - PHYSICAL DESCRIPTION
Number of Pages iv, 476 p.
490 0# - SERIES STATEMENT
Series statement Marquette studies in theology: the early works of Orestes A. Brownson ;
650 #0 - SUBJECT ADDED ENTRY--TOPICAL TERM
Topical Term Philosophy.
Topical Term Theology.
700 1# - ADDED ENTRY--PERSONAL NAME
Personal name Carey, Patrick W.,
856 40 - ELECTRONIC LOCATION AND ACCESS
Uniform Resource Identifier http://site.ebrary.com/lib/rucke/Doc?id=10022595

No items available.

© 2026 Rongo University
Contact us: librarian | system librarian | Rongo university